1545 1472 1075 1545 1638 1217 1571 1592 1092 1126 1776 1619 1688 1839 1905 1618 1756 1704 1462 1630 1108 1413 1729 1387 1530 1571 1754 1310 1038 1438 1777 1392 1146 1365 1344 1707 1842 1132 1126 1392 1032 1962 1153 1227 1421 1135 1721 1731 1622 1475 1089 1419 1303 1502 1069 1085 1857 1888 1319 1202 1780 1938 1864 1368 1764 1453 1025 1785 1423 1757 1180 1595 1889 1047 1597 1948 1587 1879 1553 1938 1090 1170 1262 1444 1241 1177 1042 1459 1254 1139 1756 1228 1972 1794 1354 1842 1121 1561 1966 BCNSPRNW ULIB Ver.6.0+V

เปลี่ยนเป็นภาษาไทย

Change to English
 แสดงรายละเอียดบรรณานุกรม
  กลับหน้าหลัก

Brief Record : Get Marc (ISO 2709) : E-mail record : QR code < ปิดหน้าต่าง
LEADER : 00000nam 2200000uu 4500
001    13399126194
003     ULIB
008    180716s2009||||th 000 0 tha d
020    ^a9780521677028
050 00 ^aPE1128^bC172^cV.5
245 10 ^aCambridge practice tests for IELTS 5
260    ^aCambridge :^bCambridge University Press,^c2009
300    ^a176 p.:^bill. ;^c25 cm.
650 00 ^aInternational English Language Testing System.
650 00 ^aEnglish language^xExaminations, questions, etc.
650 00 ^aEnglish language^xTextbooks for foreign speakers
945    ^p0^l0^i26412
999    ^aกัณชพร จุลอักษร
รายการนี้ยังไม่มีแท็ก
คุณยังไม่ได้ล็อกอิน คุณสามารถมีกิจกรรมร่วมกับเว็บไซต์ได้ แต่ต้องล็อกอินก่อน ::
  ล็อกอิน

รายการสื่อสารสนเทศ

ลำดับที่ ประเภท เลขเรียก/บาร์โค้ด สถานที่ สถานะ
1. วิทยาศาสตร์การแพทย์ และสุขภาพ
วิทยาศาสตร์การแพทย์ และสุขภาพ
PE1128 C172 V.5 ฉ.1 
  Barcode: 26412
ห้องสมุดวิทยาเขตนครสวรรค์
►หนังสือทั่วไป:l:General Books
บนชั้น

รายการใกล้เคียง
    ชื่อเรื่อง [Cambridge practice tests for IELTS 5]

    หัวเรื่อง [International English Language Testing System.]

BibComment


ยังไม่เคยถูกคอมเมนท์

คอมเมนท์ทรัพยากรรายการนี้
  คอมเมนท์: Cambridge practi..


 Copyright 2026. Bcnsprnw @Library